Statystyki dla Zawodnicy Hype MMA (1)

Kliknij tutaj aby rozwiązać quiz!

Ogólne statystyki

  • Ten quiz został rozwiązany 424 razy
  • Średni wynik to 7 z 14

Statystyki odpowiedzi

Zawonicy% Poprawnych
Marcin "Rafonix" Krasucki
94%
Mariusz "Hejter" Słoński
94%
Oskar "Blecki" Lesiak
58%
Adam "Adix" Woźnicki
56%
Jakub "Bary" Barczyk
50%
Mateusz "Zakrzew" Zakrzewski
50%
Jakub "Kuba Trenuje" Droździel
48%
Władysław "Władek" Zijajew
48%
Patryk "Taksi ZRT" Malinowski
47%
Krystian "Krissu" Bartocha
42%
Norbert "One Norbi" Krasnodębski
41%
Albert "Bercik" Ghambaryan
39%
Paweł "Pavlloo" Szwed
36%
Damian "Kalbar" Kalbarczyk
35%

Rozkład punktacji

Percentyl według liczby udzielonych odpowiedzi

Procent ludzi z każdym wynikiem

Twoja historia wyników

Nie rozwiązałeś tego quizu